000 01329nam a22003377a 4500
003 URS
005 20250313162358.0
008 250213s2023 |||||||| |||| 00| 0 eng d
020 _a9786210800227
040 _beng
_cURS
_dURS
_erda
050 1 4 _aGV 341
_bP5691 2023
100 1 _aPilobello, Bernadette Bermaglomay I.,
_eauthor
245 0 0 _aPhysical activities towards health and fitness 1 (PATHFIT 1) :
_bmovement competency training /
_cBernadette Bermaglomay I. Pilobello, Justine Mae T. Formalejo, Annlie D. Pateña, Adelaida B. Mapalad, Melani B. Coronongan, Arlene B. Kon-ek.
264 1 _aMalabon City :
_bMutya Publishing House, Inc.,
_c[2023]
264 4 _c©2023
300 _avi, 195 pages ;
_c25 cm
_billustrations ;
336 _2rdacontent
_atext
337 _2rdamedia
_aunmediated
338 _2rdacarrier
_avolume
504 _aIncludes bibliographical references.
650 0 _aPhysical fitness
650 0 _aExercise
_cTraining.
700 1 _aPilobello, Bernadette Bermaglomay I.
_eauthor
700 1 _aFormalejo, Justine Mae T.
_eauthor.
700 1 _aPateña, Annlie D.
_eauthor
700 1 _aMapalad, Adelaida B.
_eauthor
700 1 _aCoronongan, Melani B.
_eauthor
700 1 _aKon-ek, Arlene B.
_eauthor
710 2 _aMutya Publishing House, Inc.
_epublisher.
942 _2lcc
_cF
999 _c82295
_d82294